[Event "Hannover Ihme Cup"]
[Site "Hannover"]
[Date "2016.05.22"]
[Round "4"]
[White "Barz, Oliver"]
[Black "Shkolnik, Igor"]
[Result "1/2-1/2"]
[WhiteElo "1890"]
[BlackElo "1795"]
[PlyCount "134"]
[EventDate "2016.05.20"]
[EventType "swiss"]
[EventRounds "5"]
[EventCountry "GER"]
[SourceTitle "CBM 189 Extra"]
[Source "ChessBase"]
[SourceDate "2019.05.31"]
[SourceVersion "1"]
[SourceVersionDate "2019.05.31"]
[SourceQuality "1"]

1. e4 e6 2. d3 d5 3. Nd2 Nf6 4. Ngf3 Nc6 5. g3 dxe4 6. dxe4 e5 7. Bb5 Bd6 8. 0-0 0-0 9. Re1 Bg4 10. c3 Qe7 11. Qc2 Rad8 12. b4 Qd7 13. Be2 Ne7 14. Nc4 Ng6 15. Bg5 Qe6 16. Ne3 Bxf3 17. Bxf3 h6 18. Bxf6 Qxf6 19. Bg4 Ne7 20. a3 c6 21. Rad1 Bc7 22. Rxd8 Rxd8 23. Rd1 Rxd1+ 24. Qxd1 Qd6 25. Qxd6 Bxd6 26. Kf1 a5 27. bxa5 g6 28. Ke2 Kg7 29. Nc4 Bc7 30. Bd7 f5 31. f3 Kf6 32. Kd3 h5 33. h3 Kg5 34. h4+ Kf6 35. a4 g5 36. hxg5+ Kxg5 37. exf5 Nxf5 38. g4 hxg4 39. fxg4 Nd6 40. Nxd6 Bxd6 41. Bc8 Kf4 42. Bxb7 e4+ 43. Ke2 Kxg4 44. Bxc6 Kf4 45. a6 Bc5 46. a5 Ba7 47. Ba4 Bc5 48. Bd1 Ke5 49. Kd2 Kd6 50. Kc2 Kc7 51. Kb3 Ba7 52. Kc4 Kd6 53. Kb5 Kc7 54. Be2 Bb8 55. Bf1 Ba7 56. Bg2 e3 57. Bf3 Kd6 58. c4 Kc7 59. Be2 Kd7 60. Bd1 Kc7 61. Bg4 Kd6 62. Bf3 Kd7 63. c5 Kc7 64. Bg4 Bb8 65. Bf3 Ba7 66. c6 Bd4 67. a7 Bxa7 1/2-1/2